000 00706nam a2200229 i 4500
001 141763
003 ES-MaACL
005 20230906200349.0
007 t|
008 070927s1979 sp ||||1| spa d
100 1 _aWadsworth, G. P.
_9115815
245 1 0 _aAplicaciones de la teoría de probabilidades y variables aleatorias /
_cJ. P. Wadsworth, J. G. Bryan ; versión de A. López-Lago.
250 _a[1ª ed.].
260 _a[Madrid] :
_bAlhambra,
_c1979.
300 _aXIV, 618 p. :
_bil. ;
_c20 cm.
490 1 _aExedra
700 1 _aBryan, J. G.
_932247
700 1 _aLópez-Lago, A.
_973719
830 0 _aExedra
_9177436
852 _aES-MaACL
_jA-10382
_bR.99315
999 _c141763
_d141763